000 00320nam a2200145Ia 4500
008 191201s2005 xx 000 0 und d
082 _a620.1
_bMOF
100 _aMOHANTY, A K
245 0 _aFluid Mechanics
250 _a2nd
260 _aN.Delhi
_bPHI
_c2005
300 _a530
650 _aB.Tech(ME)
942 _2ddc
_cBK
999 _c2067
_d2067